[Event "CZE-ch03 sf email"]
[Site "Czechia"]
[Date "2003.??.??"]
[Round "?"]
[White "Kuchtova, Ruzena"]
[Black "Skalicky, Frantisek"]
[Result "0-1"]
[WhiteElo "2214"]
[BlackElo "2306"]
[PlyCount "58"]
[EventDate "2003.??.??"]
[EventType "tourn (corr)"]
[EventRounds "16"]
[EventCountry "CZE"]
[SourceTitle "Corr 2006"]
[Source "ChessBase"]
[SourceDate "2006.04.01"]
[SourceVersion "3"]
[SourceVersionDate "2006.04.01"]
[SourceQuality "1"]

1. c4 e5 2. Nc3 Nf6 3. Nf3 Nc6 4. g3 d5 5. cxd5 Nxd5 6. d3 Be7 7. Nxd5 Qxd5 8. Bg2 Be6 9. 0-0 Qd7 10. Bg5 f6 11. Bd2 0-0 12. Qc2 Rad8 13. Bc3 Nd4 14. Nxd4 exd4 15. Bd2 c6 16. a3 f5 17. Rac1 Bf6 18. Rfe1 Qf7 19. Qc5 a6 20. Bf4 Rfe8 21. a4 Bd5 22. Bxd5 Rxd5 23. Qc4 g5 24. Bc7 Bg7 25. Bb6 f4 26. b4 Qe6 27. Qb3 Qh3 28. Qd1 g4 29. Rc5 Re6 0-1

[Event "CZE-ch03 sf email"]
[Site "Czechia"]
[Date "2003.??.??"]
[Round "?"]
[White "Pecka, Josef"]
[Black "Kuchtova, Ruzena"]
[Result "1-0"]
[WhiteElo "2281"]
[BlackElo "2214"]
[PlyCount "69"]
[EventDate "2003.??.??"]
[EventType "tourn (corr)"]
[EventRounds "16"]
[EventCountry "CZE"]
[SourceTitle "Corr 2006"]
[Source "ChessBase"]
[SourceDate "2006.04.01"]
[SourceVersion "3"]
[SourceVersionDate "2006.04.01"]
[SourceQuality "1"]

1. e4 c5 2. Nf3 Nc6 3. d4 cxd4 4. Nxd4 Nf6 5. Nc3 e5 6. Ndb5 d6 7. Nd5 Nxd5 8. exd5 Nb8 9. Qf3 a6 10. Qa3 b6 11. c4 Bb7 12. Nc3 Be7 13. Qa4+ Nd7 14. Bd3 0-0 15. Qc2 Nf6 16. 0-0 b5 17. cxb5 axb5 18. Qb3 Qd7 19. Bxb5 Qf5 20. a4 Rfb8 21. Qd1 Bd8 22. b4 Bxd5 23. Nxd5 Rxb5 24. Nxf6+ Bxf6 25. axb5 Rxa1 26. Qxd6 Qc8 27. Qc6 Ra8 28. Be3 Be7 29. Bb6 Bxb4 30. Bc7 Be7 31. b6 Rb8 32. Ra1 h6 33. h3 Bd8 34. Ra7 f6 35. g4 1-0

[Event "CZE-ch03 sf email"]
[Site "Czechia"]
[Date "2003.??.??"]
[Round "?"]
[White "Pytlik, Leszek"]
[Black "Kuchtova, Ruzena"]
[Result "1-0"]
[WhiteElo "2316"]
[BlackElo "2214"]
[PlyCount "111"]
[EventDate "2003.??.??"]
[EventType "tourn (corr)"]
[EventRounds "16"]
[EventCountry "CZE"]
[SourceTitle "Corr 2006"]
[Source "ChessBase"]
[SourceDate "2006.04.01"]
[SourceVersion "3"]
[SourceVersionDate "2006.04.01"]
[SourceQuality "1"]

1. Nf3 d5 2. g3 Nf6 3. Bg2 e6 4. 0-0 Be7 5. d3 0-0 6. Nc3 c5 7. e4 Nc6 8. Ne1 d4 9. Ne2 e5 10. f4 exf4 11. gxf4 Qc7 12. h3 Re8 13. Ng3 Kh8 14. Nf3 Ng8 15. c3 Bd7 16. cxd4 Nxd4 17. Be3 Nxf3+ 18. Qxf3 Rac8 19. Rfc1 Qb6 20. Qf2 Qb5 21. a4 Qa6 22. e5 Nh6 23. Ne4 Qg6 24. Qg3 Qb6 25. a5 Qb5 26. Qf2 b6 27. axb6 axb6 28. Ra7 Qxd3 29. Ra3 Qb5 30. Nc3 Qc4 31. Nd5 Qb5 32. Ra7 Nf5 33. Nc3 Qd3 34. Rd1 Qxe3 35. Qxe3 Nxe3 36. Rdxd7 Nxg2 37. Kxg2 Bf8 38. Kf3 Kg8 39. Rxf7 Rc6 40. Ne4 Rce6 41. Nd6 Rd8 42. Nf5 Rg6 43. Rfb7 Rg1 44. e6 Rf1+ 45. Kg2 Rxf4 46. e7 Bxe7 47. Nxe7+ Kh8 48. Rxb6 Rfd4 49. Nc6 Rd2+ 50. Kg3 R8d3+ 51. Kf4 h6 52. Ne5 Rd4+ 53. Ke3 Rd1 54. Re7 Rb4 55. Rxb4 cxb4 56. Rb7 1-0